[Event "Australian Reserves"]
[Site "Adelaide"]
[Date "2004.01.04"]
[Round "6.2"]
[White "Dizdarevic, Mehmedalija"]
[Black "Lip, Michael"]
[Result "1/2-1/2"]
[WhiteElo "1917"]
[BlackElo "1964"]
[PlyCount "28"]
[EventDate "2003.12.29"]
[EventType "swiss"]
[EventRounds "11"]
[EventCountry "AUS"]

1. e4 g6 2. d4 Bg7 3. f4 d5 4. e5 h5 5. Nf3 Bg4 6. Bd3 Nh6 7. Qe2 e6 8. Be3 Nf5
9. Bxf5 gxf5 10. Qb5+ Nd7 11. Nbd2 Bxf3 12. Nxf3 Rb8 13. b3 a6 14. Qd3 c6
1/2-1/2

[Event "Australian Reserves"]
[Site "Adelaide"]
[Date "2004.01.04"]
[Round "6.3"]
[White "Silas, Frank"]
[Black "Stead, Kerry"]
[Result "1-0"]
[WhiteElo "1843"]
[BlackElo "1935"]
[PlyCount "119"]
[EventDate "2003.12.29"]
[EventType "swiss"]
[EventRounds "11"]
[EventCountry "AUS"]

1. e4 c5 2. Nf3 Nc6 3. d4 cxd4 4. Nxd4 Nf6 5. Nc3 e5 6. Ndb5 d6 7. Bg5 a6 8.
Na3 b5 9. Nd5 Be7 10. Nxe7 Nxe7 11. Bxf6 gxf6 12. c4 Qa5+ 13. Qd2 Qxd2+ 14.
Kxd2 b4 15. Nc2 Rb8 16. b3 f5 17. f3 f4 18. g4 h5 19. g5 h4 20. a3 a5 21. axb4
axb4 22. Ra4 Nc6 23. Rg1 Rg8 24. Bd3 Kf8 25. Ke2 Kg7 26. Kf2 Kg6 27. Be2 Kh5
28. Rd1 Rg6 29. Rd5 Kxg5 30. Rb5 Rb7 31. Ra8 Rxb5 32. cxb5 Bb7 33. Ra1 Nd8 34.
Nxb4 Rg7 35. Bc4 f5 36. Rg1+ Kh6 37. Rxg7 Kxg7 38. Bd5 Bxd5 39. exd5 Kf7 40.
Nc6 Ke8 41. Na5 Kd7 42. b6 h3 43. b4 Nf7 44. Ke2 Kc8 45. Kd3 Ng5 46. Kc4 e4 47.
Kb5 e3 48. Kc6 e2 49. b7+ Kd8 50. b8=Q+ Ke7 51. Qxd6+ Kf7 52. Qd7+ Kf6 53. Qd8+
Kf7 54. Qxg5 e1=Q 55. Qxf5+ Kg7 56. Qg4+ Kh7 57. Qxh3+ Kg7 58. Qg4+ Kh7 59.
Qxf4 Qc3+ 60. Kb7 1-0

[Event "Australian Reserves"]
[Site "Adelaide"]
[Date "2004.01.04"]
[Round "6.4"]
[White "Dragicevic, Domagoj"]
[Black "Fry, Peter"]
[Result "0-1"]
[WhiteElo "1895"]
[BlackElo "1696"]
[PlyCount "96"]
[EventDate "2003.12.29"]
[EventType "swiss"]
[EventRounds "11"]
[EventCountry "AUS"]

1. e4 c6 2. Nc3 d5 3. Nf3 Bg4 4. h3 Bxf3 5. Qxf3 e6 6. exd5 cxd5 7. d4 Nc6 8.
Be3 Nf6 9. Bd3 Be7 10. Ne2 a6 11. c3 Rc8 12. O-O Bd6 13. Bf4 Ne7 14. g4 Bxf4
15. Nxf4 Ng6 16. Ng2 Nd7 17. Rae1 O-O 18. Qg3 Re8 19. h4 Ngf8 20. f4 b5 21. Re3
Nb6 22. b3 Qd6 23. Qf3 b4 24. Bxa6 Ra8 25. Bb5 Rec8 26. f5 bxc3 27. Rxc3 Rxc3
28. Qxc3 Rxa2 29. Qe3 Qb4 30. Be8 exf5 31. Qe5 f6 32. Qc7 Qxd4+ 33. Kh1 Nbd7
34. Bxd7 Qe4 35. Qg3 Nxd7 36. gxf5 Ne5 37. Re1 Qc2 38. h5 Qxf5 39. Nf4 d4 40.
h6 g6 41. b4 d3 42. Qe3 Qg4 43. Rc1 Qh4+ 44. Nh3 Rc2 45. Ra1 Rc8 46. b5 Qc4 47.
b6 Qc6+ 48. Kh2 Ng4+ 0-1

[Event "Australian Reserves"]
[Site "Adelaide"]
[Date "2004.01.04"]
[Round "6.5"]
[White "Guthrie, Aaron"]
[Black "Ly, Moulthun"]
[Result "1-0"]
[WhiteElo "1927"]
[BlackElo "1646"]
[PlyCount "81"]
[EventDate "2003.12.29"]
[EventType "swiss"]
[EventRounds "11"]
[EventCountry "AUS"]

1. e4 c5 2. Nf3 Nc6 3. d4 cxd4 4. Nxd4 g6 5. Nc3 Bg7 6. Be3 Nf6 7. Nxc6 bxc6 8.
e5 Nd5 9. Nxd5 cxd5 10. Qxd5 Rb8 11. Bc4 e6 12. Qc5 Bb7 13. O-O-O Rc8 14. Qb4
Qc7 15. Bb3 Bxg2 16. Rhg1 Bf3 17. Ba4 Bc6 18. Bg5 Bf8 19. Qd4 Bxa4 20. Qxa4 Qc6
21. Qb3 Bg7 22. f4 O-O 23. Rd6 Qe4 24. Qd3 Qa4 25. a3 f6 26. Rd4 Qc6 27. Bxf6
Bxf6 28. exf6 Rxf6 29. Rxd7 Rb8 30. Qd4 Rc8 31. c3 Rf7 32. Rxf7 Kxf7 33. Qxa7+
Rc7 34. Qe3 Qc4 35. Rd1 Qa2 36. Qb6 Qc4 37. Qd4 Qa2 38. Qb4 Kf6 39. Qf8+ Rf7
40. Qh8+ Rg7 41. Rd7 1-0

[Event "Australian Reserves"]
[Site "Adelaide"]
[Date "2004.01.04"]
[Round "6.6"]
[White "Frost, Peter"]
[Black "Hare, Tim"]
[Result "0-1"]
[WhiteElo "1743"]
[BlackElo "1915"]
[PlyCount "132"]
[EventDate "2003.12.29"]
[EventType "swiss"]
[EventRounds "11"]
[EventCountry "AUS"]

1. d4 c5 2. d5 f5 3. g3 Nf6 4. Bg2 d6 5. Nf3 g6 6. O-O Bg7 7. c4 O-O 8. Nc3 Na6
9. Re1 Nc7 10. Ng5 Rb8 11. e4 h6 12. Nh3 fxe4 13. Nf4 Bf5 14. Nxe4 b5 15. Nxf6+
Bxf6 16. g4 g5 17. gxf5 gxf4 18. Bxf4 Bg7 19. Qg4 Rf6 20. Re3 Qf8 21. Rae1 Re8
22. Bg3 Rxf5 23. Bh4 bxc4 24. Be4 Rf4 25. Qg6 Qf7 26. Bg3 Rf6 27. Qxf7+ Kxf7
28. Bh4 Rf4 29. Bg3 Rxe4 30. Rf3+ Bf6 31. Rxe4 Rb8 32. Rxc4 Rxb2 33. Ra4 Nxd5
34. Bh4 Rb4 35. Rxb4 Nxb4 36. Bxf6 exf6 37. a3 Nc6 38. Rh3 Kg6 39. Rd3 Nd4 40.
Rg3+ Kf5 41. Kf1 c4 42. Ke1 d5 43. Kd2 h5 44. Rg7 a5 45. Rd7 Ke4 46. Rh7 Nf3+
47. Kc3 h4 48. a4 f5 49. Ra7 Ne5 50. Rxa5 d4+ 51. Kc2 c3 52. Ra8 Nc6 53. a5
Nb4+ 54. Kd1 Kf3 55. a6 d3 56. a7 Nc6 57. Rd8 Nxa7 58. Rxd3+ Kxf2 59. Rh3 f4
60. Rxh4 f3 61. Rf4 Nb5 62. h4 Ke3 63. Rf8 Nd4 64. h5 c2+ 65. Kc1 Kd3 66. Rd8
f2 0-1

[Event "Australian Reserves"]
[Site "Adelaide"]
[Date "2004.01.04"]
[Round "6.7"]
[White "Stevens, Tristan"]
[Black "Pyke, Malcolm L"]
[Result "0-1"]
[WhiteElo "1706"]
[BlackElo "1914"]
[PlyCount "96"]
[EventDate "2003.12.29"]
[EventType "swiss"]
[EventRounds "11"]
[EventCountry "AUS"]

1. e4 e6 2. d4 d5 3. e5 c5 4. c3 Qb6 5. Nf3 Bd7 6. Be2 Bb5 7. O-O Bxe2 8. Qxe2
Nc6 9. Bf4 cxd4 10. cxd4 Nge7 11. Nc3 Nf5 12. Qd2 Nfxd4 13. Nxd4 Qxd4 14. Qxd4
Nxd4 15. Be3 Nc6 16. Nb5 Kd7 17. f4 a6 18. a4 Bb4 19. Nd4 Bc5 20. Nf5 Bxe3+ 21.
Nxe3 g6 22. Ng4 h5 23. Nf6+ Ke7 24. Rfc1 Rhc8 25. Ra3 Nd4 26. Rf1 Rc4 27. g3
Rac8 28. Rf2 Rc1+ 29. Kg2 R1c2 30. Rd3 Rxf2+ 31. Kxf2 Rc2+ 32. Ke1 Rc4 33. b3
Rb4 34. Rc3 Nc6 35. h4 d4 36. Rd3 Na5 37. Ne4 Nxb3 38. Nd6 Nc5 39. Rd2 Nxa4 40.
Rc2 Nc3 41. Kd2 b5 42. Kd3 a5 43. Ne4 Nxe4 44. Kxe4 a4 45. Rc7+ Ke8 46. Ra7 Rc4
47. Kd3 a3 48. Ra5 Ra4 0-1

[Event "Australian Reserves"]
[Site "Adelaide"]
[Date "2004.01.04"]
[Round "6.8"]
[White "Peters, Duncan"]
[Black "Obst, James"]
[Result "0-1"]
[WhiteElo "1887"]
[BlackElo "1539"]
[PlyCount "89"]
[EventDate "2003.12.29"]
[EventType "swiss"]
[EventRounds "11"]
[EventCountry "AUS"]

1. e4 d5 2. exd5 Nf6 3. Bb5+ Bd7 4. Bc4 Bg4 5. f3 Bf5 6. Nc3 Nbd7 7. Nge2 Nb6
8. Bb3 Nbxd5 9. d4 e6 10. O-O Be7 11. Ng3 Bg6 12. f4 Nxc3 13. bxc3 O-O 14. d5
Kh8 15. Bb2 Ne4 16. Nxe4 Bxe4 17. Qe2 exd5 18. c4 Bf6 19. Bxf6 Qxf6 20. cxd5
Bxd5 21. Rad1 Bxb3 22. cxb3 Rad8 23. Qc4 Rxd1 24. Rxd1 Qe7 25. h3 Kg8 26. Qd4
b6 27. Rd3 Re8 28. Rg3 g6 29. f5 Rd8 30. Qc3 Rd1+ 31. Kh2 Qe1 32. Qxe1 Rxe1 33.
Rc3 c5 34. Rd3 gxf5 35. Rd7 a6 36. Ra7 a5 37. Rb7 Re6 38. Kg3 Kg7 39. Kf3 Kf6
40. Kf4 Re4+ 41. Kf3 Rb4 42. Kg3 b5 43. Kf3 a4 44. bxa4 bxa4 45. Ke3 0-1

[Event "Australian Reserves"]
[Site "Adelaide"]
[Date "2004.01.04"]
[Round "6.9"]
[White "Malik, Hani"]
[Black "Sonter, Matthew"]
[Result "0-1"]
[WhiteElo "1946"]
[BlackElo "1794"]
[PlyCount "62"]
[EventDate "2003.12.29"]
[EventType "swiss"]
[EventRounds "11"]
[EventCountry "AUS"]

1. e4 c5 2. Nf3 d6 3. Bb5+ Bd7 4. Bxd7+ Qxd7 5. c4 Nc6 6. O-O g6 7. d4 cxd4 8.
Nxd4 Bg7 9. Be3 Nf6 10. f3 O-O 11. Nc3 Rfc8 12. b3 Ne8 13. Rc1 Nc7 14. Qd2 b6
15. Rfd1 Ne6 16. Nxc6 Qxc6 17. Nd5 Qb7 18. Rc2 Re8 19. b4 Rac8 20. Rdc1 Red8
21. Qd3 Rf8 22. a4 Qd7 23. Ra2 Nc7 24. a5 Nxd5 25. exd5 Qb7 26. Rb1 Qc7 27.
axb6 axb6 28. Ra6 Qxc4 29. Qxc4 Rxc4 30. Bxb6 Rb8 31. b5 Rxb6 0-1

[Event "Australian Reserves"]
[Site "Adelaide"]
[Date "2004.01.04"]
[Round "6.10"]
[White "Krstic, Slobodan"]
[Black "Davis, Tony J"]
[Result "1-0"]
[WhiteElo "1922"]
[BlackElo "1748"]
[PlyCount "57"]
[EventDate "2003.12.29"]
[EventType "swiss"]
[EventRounds "11"]
[EventCountry "AUS"]

1. e4 e6 2. f4 d5 3. e5 c5 4. Nf3 Nc6 5. c3 d4 6. Bd3 f6 7. O-O Qc7 8. Qe2 Nge7
9. Na3 Nd5 10. Nb5 Qb8 11. g3 a6 12. Na3 b5 13. Be4 Be7 14. exf6 gxf6 15. f5
Qd6 16. c4 bxc4 17. Nxc4 Qd8 18. fxe6 Bxe6 19. Nh4 Ne5 20. d3 Qc7 21. Bd2 Ra7
22. Nf5 Nb4 23. Nxe5 fxe5 24. Ng7+ Kd7 25. Bxb4 cxb4 26. Rac1 Bc5 27. Nxe6 Kxe6
28. Qg4+ Ke7 29. Qg7+ 1-0

[Event "Australian Reserves"]
[Site "Adelaide"]
[Date "2004.01.04"]
[Round "6.11"]
[White "Lindberg, Gordon"]
[Black "Safarian, Alek"]
[Result "0-1"]
[WhiteElo "1690"]
[BlackElo "1899"]
[PlyCount "44"]
[EventDate "2003.12.29"]
[EventType "swiss"]
[EventRounds "11"]
[EventCountry "AUS"]

1. e4 c5 2. Nf3 d6 3. d4 cxd4 4. Nxd4 Nf6 5. Nc3 g6 6. Be3 Bg7 7. f3 Nc6 8. Bc4
O-O 9. Qd2 Bd7 10. O-O-O Rc8 11. Bb3 Ne5 12. h4 h5 13. g4 hxg4 14. h5 gxh5 15.
Bh6 Rc5 16. Nd5 e6 17. Nf5 exf5 18. Qg5 Ng6 19. Ne7+ Kh7 20. Rxh5 Nxh5 21. Qxh5
Bxh6+ 22. Kb1 fxe4 0-1

[Event "Australian Reserves"]
[Site "Adelaide"]
[Date "2004.01.04"]
[Round "6.12"]
[White "Lindberg, Douglas"]
[Black "Tsagarakis, Angelo"]
[Result "1-0"]
[WhiteElo "1620"]
[BlackElo "1889"]
[PlyCount "147"]
[EventDate "2003.12.29"]
[EventType "swiss"]
[EventRounds "11"]
[EventCountry "AUS"]

1. e4 e6 2. d4 c5 3. d5 exd5 4. exd5 d6 5. Nf3 Nf6 6. Bb5+ Nbd7 7. c4 Be7 8.
Nc3 O-O 9. O-O a6 10. Ba4 Nb6 11. Bb3 Bg4 12. h3 Bh5 13. Bf4 Qd7 14. a4 Rad8
15. a5 Nc8 16. Bc2 Qc7 17. Re1 b6 18. axb6 Qxb6 19. Qb1 Bg6 20. Bxg6 hxg6 21.
Qa2 Rd7 22. Re2 Ra7 23. Qa3 Qb7 24. g4 Qd7 25. Qa4 Qxa4 26. Nxa4 Rb7 27. Nc3
Rb6 28. Ra2 Rd8 29. Bg5 Kf8 30. Nd2 Re8 31. Kf1 Nh7 32. Bxe7+ Rxe7 33. f4 Nf6
34. Rxe7 Kxe7 35. Ke2 Nd7 36. Kd3 Nb8 37. b3 Rb7 38. Ra1 Kf8 39. Nce4 Re7 40.
Nf3 Ke8 41. Nh4 Rb7 42. Kc3 Re7 43. Kd3 Rb7 44. Kc3 Kd7 45. Ng5 Ke7 46. Re1+
Kf8 47. f5 gxf5 48. Nxf5 g6 49. Ng3 Kg7 50. Re8 Rc7 51. N3e4 Nd7 52. Rd8 a5 53.
h4 Nf6 54. Nxd6 Nxd6 55. Rxd6 Ra7 56. Rc6 a4 57. bxa4 Rxa4 58. Rxc5 Ra3+ 59.
Kb4 Rg3 60. Rc7 Nxg4 61. Rxf7+ Kg8 62. d6 Rd3 63. c5 Ne5 64. Rc7 Rd4+ 65. Kb5
Rd5 66. Ne4 Rd4 67. Nf6+ Kf8 68. Nd7+ Nxd7 69. Rxd7 Ke8 70. c6 Rxh4 71. Rg7 Rd4
72. c7 Kf8 73. c8=Q+ Kxg7 74. Qc3 1-0

[Event "Australian Reserves"]
[Site "Adelaide"]
[Date "2004.01.04"]
[Round "6.13"]
[White "Flitney, Adrian"]
[Black "Bristina, Husein"]
[Result "1-0"]
[WhiteElo "1876"]
[BlackElo "1614"]
[PlyCount "101"]
[EventDate "2003.12.29"]
[EventType "swiss"]
[EventRounds "11"]
[EventCountry "AUS"]

1. e4 c5 2. d4 cxd4 3. c3 dxc3 4. Nxc3 e6 5. Nf3 Be7 6. Bc4 a6 7. O-O Nc6 8.
Qe2 d6 9. Rd1 Qc7 10. Bf4 e5 11. Nd5 Qb8 12. Be3 Nf6 13. Nb6 Nxe4 14. Nxa8 Qxa8
15. Bxf7+ Kxf7 16. Qc4+ Be6 17. Qxe4 h6 18. Nh4 Bxh4 19. Qxh4 d5 20. Bc5 Re8
21. f4 e4 22. f5 Bxf5 23. Rf1 Qc8 24. g4 Kg8 25. gxf5 Ne5 26. Bd4 Nf3+ 27. Rxf3
exf3 28. Qg3 Qd7 29. Qxf3 Re4 30. Rd1 Qa4 31. Bc3 d4 32. b3 Qe8 33. Bxd4 h5 34.
h3 Qc6 35. Qg2 Rxd4 36. Rxd4 Qc1+ 37. Qf1 Qe3+ 38. Qf2 Qc1+ 39. Kg2 Qc6+ 40.
Qf3 Qc2+ 41. Kg3 Qc7+ 42. Qf4 Qc3+ 43. Kh4 Qe1+ 44. Kxh5 Qe8+ 45. Kh4 Qe1+ 46.
Qg3 Qe7+ 47. Qg5 Qe1+ 48. Kh5 Qe2+ 49. Rg4 Qe8+ 50. Qg6 Qe5 51. Qe6+ 1-0

[Event "Australian Reserves"]
[Site "Adelaide"]
[Date "2004.01.04"]
[Round "6.14"]
[White "Holt, Kenneth P"]
[Black "Alkin, John"]
[Result "1/2-1/2"]
[WhiteElo "1835"]
[BlackElo "1583"]
[PlyCount "186"]
[EventDate "2003.12.29"]
[EventType "swiss"]
[EventRounds "11"]
[EventCountry "AUS"]

1. d4 d5 2. c4 c6 3. Nf3 Nf6 4. Nc3 dxc4 5. a4 Bf5 6. e3 e6 7. Bxc4 Bb4 8. O-O
Nbd7 9. Qe2 Bg6 10. Ne5 Nxe5 11. dxe5 Nd5 12. Nxd5 cxd5 13. Bb5+ Kf8 14. Qg4
Be7 15. Bd2 a6 16. Be2 Be4 17. f3 h5 18. Qh3 Bf5 19. g4 Bg6 20. f4 Kg8 21. g5
Bf5 22. Qg3 g6 23. Rfd1 Qb6 24. Bc3 Rc8 25. Rac1 Kg7 26. a5 Qb3 27. Qe1 Bc5 28.
Qd2 Qa4 29. Bd4 Bxd4 30. exd4 Qb3 31. Rc3 Rxc3 32. Qxc3 Qxc3 33. bxc3 Bg4 34.
Bxg4 hxg4 35. Rb1 b5 36. axb6 a5 37. b7 Rb8 38. Kf2 a4 39. Kg3 a3 40. Kxg4 a2
41. Ra1 Rxb7 42. Rxa2 Rb1 43. Rc2 Rd1 44. Kf3 Rf1+ 45. Ke3 Re1+ 46. Re2 Rd1 47.
Rf2 Kf8 48. Ke2 Rc1 49. Kd2 Ra1 50. Kd3 Rd1+ 51. Kc2 Ra1 52. Kb2 Rd1 53. Kb3
Rb1+ 54. Kc2 Ra1 55. Kd3 Rd1+ 56. Rd2 Rf1 57. Ke3 Rc1 58. Kd3 Rf1 59. Ke3 Re1+
60. Kf2 Rc1 61. Rd3 Kg7 62. Kg3 Rg1+ 63. Kf3 Rc1 64. Kg4 Rg1+ 65. Rg3 Rc1 66.
h4 Rh1 67. Rh3 Rg1+ 68. Kf3 Rf1+ 69. Ke3 Rc1 70. Ke2 Rc2+ 71. Kd3 Rc1 72. h5
gxh5 73. Rxh5 Rf1 74. Rh4 Rf3+ 75. Kc2 Rf2+ 76. Kb3 Rf1 77. c4 dxc4+ 78. Kxc4
Rc1+ 79. Kd3 Rd1+ 80. Ke3 Rf1 81. Rh3 Ra1 82. Ke4 Re1+ 83. Re3 Rf1 84. Rf3 Re1+
85. Kd3 Rd1+ 86. Kc3 Ra1 87. Kd2 Ra4 88. Rd3 Kg6 89. Ke3 Kf5 90. d5 Re4+ 91.
Kd2 exd5 92. Rxd5 Kxf4 93. Rd7 Rxe5 1/2-1/2

[Event "Australian Reserves"]
[Site "Adelaide"]
[Date "2004.01.04"]
[Round "6.15"]
[White "Hoholis, Harry"]
[Black "Pengelley, Justin"]
[Result "0-1"]
[WhiteElo "1606"]
[BlackElo "1834"]
[PlyCount "66"]
[EventDate "2003.12.29"]
[EventType "swiss"]
[EventRounds "11"]
[EventCountry "AUS"]

1. Nf3 d5 2. d4 c6 3. e3 Nf6 4. c4 e6 5. Bd3 Bd6 6. Nc3 O-O 7. c5 Bc7 8. b4
Nbd7 9. O-O e5 10. dxe5 Nxe5 11. Nxe5 Bxe5 12. Bb2 Ng4 13. g3 Qf6 14. Qc2 Qh6
15. h4 Nxe3 16. Qd2 Nxf1 17. Qxh6 gxh6 18. Kxf1 Bh3+ 19. Ke2 Rfe8 20. Kd2 Bd4
21. Rh1 Bg2 22. Rg1 Be4 23. Nxe4 dxe4 24. Bxd4 Rad8 25. Kc3 exd3 26. Be3 Re4
27. Rb1 Kg7 28. Rb2 Kg6 29. a3 Kf5 30. Rd2 Rxe3 31. fxe3 Ke4 32. Rf2 Kxe3 33.
Rxf7 d2 0-1

[Event "Australian Reserves"]
[Site "Adelaide"]
[Date "2004.01.04"]
[Round "6.16"]
[White "Oks, Oliver"]
[Black "Cooke, Tristrom P"]
[Result "1/2-1/2"]
[WhiteElo "1799"]
[BlackElo "1486"]
[PlyCount "54"]
[EventDate "2003.12.29"]
[EventType "swiss"]
[EventRounds "11"]
[EventCountry "AUS"]

1. e4 e5 2. f4 exf4 3. Nf3 d6 4. Bc4 Be6 5. Bxe6 fxe6 6. d4 Nf6 7. Bxf4 Be7 8.
Nc3 O-O 9. Bg3 Qd7 10. O-O Nc6 11. Qd2 Nh5 12. Bf2 Nf4 13. Be3 Ng6 14. Rf2 Rf7
15. Raf1 Raf8 16. Ne2 Bf6 17. c3 e5 18. d5 Nce7 19. Bg5 h6 20. Bxf6 Rxf6 21.
Qe3 b6 22. Ne1 Rxf2 23. Rxf2 Rxf2 24. Kxf2 Qa4 25. a3 Qb3 26. Qd2 Qc4 27. Qd3
Qxd3 1/2-1/2

[Event "Australian Reserves"]
[Site "Adelaide"]
[Date "2004.01.04"]
[Round "6.17"]
[White "Tulevski, Vasil G"]
[Black "Stokes, Mark C"]
[Result "1-0"]
[WhiteElo "1871"]
[BlackElo "1530"]
[PlyCount "49"]
[EventDate "2003.12.29"]
[EventType "swiss"]
[EventRounds "11"]
[EventCountry "AUS"]

1. d4 Nf6 2. c4 e5 3. dxe5 Ng4 4. Nf3 Bc5 5. e3 Nc6 6. a3 a5 7. Bd2 O-O 8. Bc3
Re8 9. Nbd2 Ngxe5 10. Nb3 b6 11. Nxc5 bxc5 12. Nxe5 Nxe5 13. Qd5 c6 14. Qxc5 d6
15. Qd4 Bb7 16. Rd1 Re6 17. c5 Qg5 18. Qd2 Ng4 19. Be2 Rxe3 20. O-O Nxf2 21.
Rxf2 dxc5 22. Rf3 Rae8 23. Rxe3 Qxe3+ 24. Qxe3 Rxe3 25. Rd8+ 1-0

[Event "Australian Reserves"]
[Site "Adelaide"]
[Date "2004.01.04"]
[Round "6.18"]
[White "Pleskot, Sylvia"]
[Black "Ghobrial, Adel"]
[Result "1/2-1/2"]
[WhiteElo "1726"]
[BlackElo "1570"]
[PlyCount "91"]
[EventDate "2003.12.29"]
[EventType "swiss"]
[EventRounds "11"]
[EventCountry "AUS"]

1. d4 d5 2. c4 c6 3. Nc3 Nf6 4. Nf3 Bg4 5. Bg5 e6 6. e3 Be7 7. Be2 Bxf3 8. Bxf3
dxc4 9. Qe2 Qa5 10. Bxf6 Bxf6 11. Qxc4 O-O 12. O-O Nd7 13. Rab1 Rac8 14. b4 Qc7
15. Rfc1 Nb6 16. Qb3 Qe7 17. Ne4 Nd5 18. h3 Bh4 19. g3 f5 20. Nc5 Bf6 21. b5
Kh8 22. bxc6 bxc6 23. Nd3 h6 24. Qb7 Rc7 25. Qa6 Rfc8 26. Rc4 Kh7 27. Rbc1 Qd6
28. Rc5 g5 29. Qa4 Kg7 30. Nb4 Nxb4 31. Qxb4 e5 32. dxe5 Bxe5 33. Qc4 Bf6 34.
Rxc6 Rxc6 35. Bxc6 a5 36. Kg2 Qb4 37. Qxb4 axb4 38. Rc2 Bc3 39. Ba4 Rc7 40. Kf3
Kf6 41. Bb3 h5 42. g4 hxg4+ 43. hxg4 fxg4+ 44. Kxg4 Ra7 45. Rc1 Ra5 46. Rh1
1/2-1/2

[Event "Australian Reserves"]
[Site "Adelaide"]
[Date "2004.01.04"]
[Round "6.19"]
[White "Brockman, Roland"]
[Black "Murray, Russell"]
[Result "1/2-1/2"]
[WhiteElo "1604"]
[BlackElo "1727"]
[PlyCount "81"]
[EventDate "2003.12.29"]
[EventType "swiss"]
[EventRounds "11"]
[EventCountry "AUS"]

1. d4 Nf6 2. Nf3 d5 3. e3 c6 4. Bd3 e6 5. Nbd2 Nbd7 6. O-O Be7 7. e4 dxe4 8.
Nxe4 O-O 9. c3 b6 10. Qe2 Bb7 11. Bf4 Nxe4 12. Bxe4 Qc8 13. Bd3 c5 14. Ng5 Nf6
15. Rfe1 h6 16. Nh3 cxd4 17. cxd4 Qd8 18. Be5 Rc8 19. Nf4 Re8 20. Rac1 Bd6 21.
Rxc8 Bxc8 22. Rc1 Bb7 23. Bb5 Rf8 24. Bxd6 Qxd6 25. Qe5 Qxe5 26. dxe5 Nd5 27.
Nxd5 Bxd5 28. a3 Rd8 29. Kf1 Be4 30. Rc7 Bd3+ 31. Bxd3 Rxd3 32. Rxa7 Rb3 33.
Ra8+ Kh7 34. Ra4 Rxb2 35. Rb4 Ra2 36. Rxb6 Rxa3 37. Rb4 g5 38. h4 Ra5 39. hxg5
hxg5 40. Re4 Kg6 41. g4 1/2-1/2

[Event "Australian Reserves"]
[Site "Adelaide"]
[Date "2004.01.04"]
[Round "6.20"]
[White "Shaw, Robin A"]
[Black "Lutley, Philip"]
[Result "0-1"]
[WhiteElo "1607"]
[BlackElo "1484"]
[PlyCount "62"]
[EventDate "2003.12.29"]
[EventType "swiss"]
[EventRounds "11"]
[EventCountry "AUS"]

1. e4 c5 2. Nf3 d6 3. d4 cxd4 4. c3 d3 5. Bxd3 e6 6. c4 Nf6 7. Nc3 Nc6 8. O-O
Be7 9. a3 a6 10. b4 O-O 11. Bb2 Qc7 12. Qe2 b6 13. Rac1 Ne5 14. Nxe5 dxe5 15.
c5 bxc5 16. Na4 Nd7 17. Nxc5 Nxc5 18. bxc5 Rd8 19. Rfd1 Rb8 20. Rc2 a5 21. Rdc1
Bg5 22. Rd1 Bd7 23. c6 Bxc6 24. Rxc6 Qxc6 25. Bxe5 Rbc8 26. Qg4 Rxd3 27. Rxd3
Qxe4 28. Qd1 Qxe5 29. g3 Bf6 30. Re3 Qa1 31. Qxa1 Bxa1 0-1

[Event "Australian Reserves"]
[Site "Adelaide"]
[Date "2004.01.04"]
[Round "6.21"]
[White "Escribano, Jose"]
[Black "McColl, Kevin"]
[Result "0-1"]
[WhiteElo "1573"]
[BlackElo "1881"]
[PlyCount "44"]
[EventDate "2003.12.29"]
[EventType "swiss"]
[EventRounds "11"]
[EventCountry "AUS"]

1. e4 d6 2. Nc3 Nf6 3. f4 g6 4. Nf3 Bg7 5. Bc4 O-O 6. d3 Bg4 7. O-O c6 8. h3
Bxf3 9. Qxf3 e6 10. f5 exf5 11. exf5 d5 12. Bb3 Nbd7 13. fxg6 fxg6 14. Qg3 Nh5
15. Rxf8+ Qxf8 16. Qf3 Bd4+ 17. Kh2 Qd6+ 18. g3 Rf8 19. Ne4 Rxf3 20. Nxd6 Rf2+
21. Kg1 Ne5 22. Bf4 Nf3+ 0-1

[Event "Australian Reserves"]
[Site "Adelaide"]
[Date "2004.01.04"]
[Round "6.22"]
[White "Stewart, Scott"]
[Black "Yachou, Nur"]
[Result "0-1"]
[WhiteElo "1618"]
[BlackElo "1764"]
[PlyCount "115"]
[EventDate "2003.12.29"]
[EventType "swiss"]
[EventRounds "11"]
[EventCountry "AUS"]

1. e4 c5 2. Nf3 d6 3. d4 cxd4 4. Nxd4 Nf6 5. Nc3 a6 6. Bc4 e6 7. Be3 b5 8. Bb3
b4 9. Nce2 Nxe4 10. Nf3 Nd7 11. Bd5 exd5 12. Qxd5 Rb8 13. Qxe4+ Qe7 14. Qf4 Ne5
15. Bd4 f6 16. O-O Bb7 17. Nd2 Bc6 18. c4 Qb7 19. Qg3 Qf7 20. b3 g5 21. c5 h5
22. Qe3 Qd5 {Going for a cheapie!!} 23. Nf3 Kf7 24. Bxe5 dxe5 25. Rad1 Qxc5 26.
Nxg5+ fxg5 27. Qxg5 Qe7 28. Qf5+ Qf6 29. Qc2 Qg6 30. Qc4+ Qe6 31. Qxa6 Rg8 32.
f3 Bc5+ 33. Kh1 Qg6 34. Qc4+ Ke8 35. Ng3 Be7 36. Rfe1 h4 37. Rxe5 hxg3 38. Re6
Qh7 39. Qxc6+ Kf8 40. Rh6 Qf5 41. hxg3 Rc8 42. Qb6 Rxg3 43. Rh8+ Kf7 44. Rxc8
Qxc8 45. Qh6 Rg6 46. Qh7+ Rg7 47. Qh5+ Kg8 48. Qd5+ Kh8 49. Kg1 Qc2 50. Qh5+
Kg8 51. Qe8+ Bf8 52. Qe6+ Rf7 53. Qg4+ Kh7 54. Qh5+ Kg8 55. Qg4+ Kh8 56. Qh5+
Qh7 57. Qe5+ Qg7 58. Qd5 {Black later won} 0-1

[Event "Australian Reserves"]
[Site "Adelaide"]
[Date "2004.01.04"]
[Round "6.23"]
[White "Djelaj, Pasko"]
[Black "Mendes da Costa, Alex"]
[Result "1-0"]
[WhiteElo "1738"]
[BlackElo "1620"]
[PlyCount "79"]
[EventDate "2003.12.29"]
[EventType "swiss"]
[EventRounds "11"]
[EventCountry "AUS"]

1. c4 Nf6 2. Nc3 g6 3. d4 d5 4. Nf3 Bg7 5. g3 dxc4 6. e3 O-O 7. Bxc4 Nbd7 8.
O-O Nb6 9. Be2 Nbd5 10. Bd2 h5 11. Rc1 c6 12. a3 Bh3 13. Re1 Nxc3 14. Bxc3 Ne4
15. Qb3 Rb8 16. Red1 e6 17. Bb4 Re8 18. Nh4 g5 19. Ng2 Nf6 20. Be1 Kh8 21. f3
Rg8 22. Bf2 Bh6 23. Kh1 g4 24. f4 Ne4 25. Be1 Bf8 26. Bd3 Nd6 27. Rc5 Nf5 28.
Bxf5 b6 29. Rxc6 exf5 30. Qxf7 Rb7 31. Qxb7 Rg7 32. Rc8 Qf6 33. Qc6 Qf7 34. Bb4
Kh7 35. Rxf8 Qb3 36. Rg1 Qxb2 37. Rxf5 Bxg2+ 38. Qxg2 Qxg2+ 39. Kxg2 Kg6 40.
Rg5+ 1-0

[Event "Australian Reserves"]
[Site "Adelaide"]
[Date "2004.01.04"]
[Round "6.25"]
[White "Kramer, Warren"]
[Black "Antoniazzi, Francesco"]
[Result "0-1"]
[WhiteElo "1331"]
[BlackElo "1665"]
[PlyCount "108"]
[EventDate "2003.12.29"]
[EventType "swiss"]
[EventRounds "11"]
[EventCountry "AUS"]

1. e4 c6 2. d4 d5 3. Nc3 dxe4 4. Nxe4 Bf5 5. Ng3 Bg6 6. Nf3 Nd7 7. Be2 Ngf6 8.
O-O e6 9. c4 Be7 10. Bf4 O-O 11. Nh4 Nb6 12. Nxg6 hxg6 13. a3 Nc8 14. b4 Bd6
15. Bg5 Be7 16. Be3 Nd6 17. f3 Nf5 18. Nxf5 gxf5 19. Qd2 Qc7 20. Bf4 Bd6 21.
Bxd6 Qxd6 22. Rad1 Rad8 23. Qe3 Qc7 24. d5 exd5 25. Qxa7 Ra8 26. Qc5 Rxa3 27.
cxd5 Qe5 28. Rfe1 Nxd5 29. Bd3 Qc3 30. Qd6 Qxb4 31. Qg3 Qd4+ 32. Qf2 Qxf2+ 33.
Kxf2 f4 34. Be4 Ra2+ 35. Kg1 Ne3 36. Rd7 Rxg2+ 37. Kh1 Rb2 38. Re7 Ra8 39. Re5
g6 40. Bxg6 fxg6 41. Rg1 Kf7 42. Re4 Raa2 43. Rxf4+ Ke7 44. Rh4 c5 45. Re1 Kf6
46. Rh8 Re2 47. Rb1 Rab2 48. Rg1 Rg2 49. Rh4 Rxg1+ 50. Kxg1 Rb4 51. Rh8 c4 52.
Kf2 Rb3 53. Re8 Nf5 54. Rc8 b5 0-1

[Event "Australian Reserves"]
[Site "Adelaide"]
[Date "2004.01.04"]
[Round "6.26"]
[White "Clark, Domenic"]
[Black "Thorne, Richard"]
[Result "1-0"]
[WhiteElo "1636"]
[BlackElo "1562"]
[PlyCount "59"]
[EventDate "2003.12.29"]
[EventType "swiss"]
[EventRounds "11"]
[EventCountry "AUS"]

1. c4 e6 2. g3 d5 3. Bg2 Nf6 4. Nf3 c5 5. O-O Nc6 6. cxd5 exd5 7. d4 b6 8. Nc3
Be7 9. Bg5 Be6 10. e3 O-O 11. Ne5 Rc8 12. h3 h6 13. Bxf6 Bxf6 14. f4 cxd4 15.
exd4 Ne7 16. Rc1 Nf5 17. Qd3 g6 18. Kh2 Be7 19. Rfe1 Kg7 20. Re2 h5 21. Rce1 f6
22. Nxg6 Nxd4 23. Qxd4 Rc4 24. Qd3 Bc5 25. Nxf8 Bf7 26. Ne6+ Bxe6 27. Rxe6 h4
28. Qxd5 hxg3+ 29. Kh1 Qb8 30. Qxc4 1-0